<?xml version="1.0" encoding="UTF-8"?>
<collection xmlns="http://www.loc.gov/MARC21/slim">
 <record>
  <leader>01482nam a2200313   4500</leader>
  <controlfield tag="001">DLU190189556</controlfield>
  <controlfield tag="005">##20190221</controlfield>
  <datafield tag="020" ind1="#" ind2="#">
   <subfield code="a">9786045994276</subfield>
  </datafield>
  <datafield tag="040" ind1="#" ind2="#">
   <subfield code="a">DLU</subfield>
   <subfield code="b">vie</subfield>
  </datafield>
  <datafield tag="041" ind1="#" ind2="#">
   <subfield code="a">vie</subfield>
  </datafield>
  <datafield tag="044" ind1="#" ind2="#">
   <subfield code="a">vn</subfield>
  </datafield>
  <datafield tag="082" ind1="#" ind2="#">
   <subfield code="a">370.1</subfield>
   <subfield code="b">Cam</subfield>
  </datafield>
  <datafield tag="245" ind1="#" ind2="#">
   <subfield code="a">Cẩm nang nghiệp vụ dành cho giáo viên, lãnh đạo trường học /</subfield>
   <subfield code="c">Nguyễn Phương tuyển chọn và giới thiệu.</subfield>
  </datafield>
  <datafield tag="260" ind1="#" ind2="#">
   <subfield code="a">H. :</subfield>
   <subfield code="b">Lao động,</subfield>
   <subfield code="c">2018.</subfield>
  </datafield>
  <datafield tag="300" ind1="#" ind2="#">
   <subfield code="a">399 tr. ;</subfield>
   <subfield code="c">28 cm.</subfield>
  </datafield>
  <datafield tag="505" ind1="#" ind2="#">
   <subfield code="a">Phần thứ nhất. Kỹ năng sống và giáo dục kỹ năng sống trong trường học -- Phần thứ hai. Giáo dục kỹ năng sống cho trẻ mầm non -- Phần thứ ba. Giáo dục kỹ năng sống cho học sinh tiểu học, trung học cơ sở và trung học phổ thông -- Phần thứ tư. Giáo dục kỹ năng - kỹ năng mềm - kỹ năng sống cho sinh viên -- Phần thứ năm. Phương pháp dạy học và phương tiện dạy học hiện đại -- Phần thứ sáu. Kỹ năng giảng dạy có hiệu quả -- Phần thứ bảy. Văn bản pháp quy mới nhất về giáo dục đào tạo.</subfield>
  </datafield>
  <datafield tag="650" ind1="#" ind2="#">
   <subfield code="a">Giáo dục</subfield>
   <subfield code="v">Sổ tay, cẩm nang, v.v...</subfield>
  </datafield>
  <datafield tag="700" ind1="#" ind2="#">
   <subfield code="a">Nguyễn Phương,</subfield>
   <subfield code="e">Tuyển chọn và giới thiệu.</subfield>
  </datafield>
  <datafield tag="923" ind1="#" ind2="#">
   <subfield code="a">05/2018</subfield>
  </datafield>
  <datafield tag="991" ind1="#" ind2="#">
   <subfield code="a">SH</subfield>
  </datafield>
  <datafield tag="992" ind1="#" ind2="#">
   <subfield code="a">350000</subfield>
  </datafield>
  <datafield tag="994" ind1="#" ind2="#">
   <subfield code="a">DLU</subfield>
  </datafield>
  <datafield tag="900" ind1="#" ind2="#">
   <subfield code="a">True</subfield>
  </datafield>
  <datafield tag="911" ind1="#" ind2="#">
   <subfield code="a">Nguyễn Thanh Hương</subfield>
  </datafield>
  <datafield tag="925" ind1="#" ind2="#">
   <subfield code="a">G</subfield>
  </datafield>
  <datafield tag="926" ind1="#" ind2="#">
   <subfield code="a">A</subfield>
  </datafield>
  <datafield tag="927" ind1="#" ind2="#">
   <subfield code="a">SH</subfield>
  </datafield>
  <datafield tag="980" ind1="#" ind2="#">
   <subfield code="a">Thư viện Trường Đại học Đà Lạt</subfield>
  </datafield>
 </record>
</collection>
